Mathematical Physics/ (Record no. 193931)
[ view plain ]
| 000 -LEADER | |
|---|---|
| fixed length control field | 00789nam a22002057a 4500 |
| 005 - DATE AND TIME OF LATEST TRANSACTION | |
| control field | 20241010161353.0 |
| 010 ## - LCCN (DPL NO) | |
| LC control number | B-748101-106 E.N.A./7.11.22 ENG-142091 |
| 020 ## - INTERNATIONAL STANDARD BOOK NUMBER | |
| International Standard Book Number | 9789355312679 |
| Terms of availability | 895.00 |
| 035 ## - SYSTEM CONTROL NUMBER | |
| System control number | B-748101-106 |
| 035 ## - SYSTEM CONTROL NUMBER | |
| System control number | EN-125623 |
| 037 ## - SOURCE OF ACQUISITION | |
| Source of stock number/acquisition | Pragati Prakashan |
| 082 ## - DEWEY DECIMAL CLASSIFICATION NUMBER | |
| Classification number | 530.15 |
| 100 ## - MAIN ENTRY--PERSONAL NAME | |
| Personal name | Rajput, B.S. |
| 245 ## - TITLE STATEMENT | |
| Title | Mathematical Physics/ |
| Statement of responsibility, etc | By B.S.RAJPUT |
| 260 ## - PUBLICATION, DISTRIBUTION, ETC. (IMPRINT) | |
| Place of publication, distribution, etc | Meerut |
| Name of publisher, distributor, etc | Pragati Prakashan |
| Date of publication, distribution, etc | 2022 |
| 270 ## - ADDRESS | |
| Address | Pragati Bhawan, 240, W.K.Road, |
| City | Meerut |
| Postal code | 250001 |
| 300 ## - PHYSICAL DESCRIPTION | |
| Extent | XX, 1516p |
| -- | 1516 P. |
| Other physical details | Index XVIp |
| Dimensions | 24cm (pbk) |
| 942 ## - ADDED ENTRY ELEMENTS (KOHA) | |
| Source of classification or shelving scheme | Dewey Decimal Classification |
| Item type | English Books |
| Call number suffix | RAJ |
| Classification part | 530.15 |
| Withdrawn status | Lost status | Not for loan | Collection code | Home library | Current library | Date acquired | Source of acquisition | Cost, normal purchase price | Full call number | Barcode | Copy number | Cost, replacement price | Koha item type |
|---|---|---|---|---|---|---|---|---|---|---|---|---|---|
| Non-fiction | Ashok Vihar | Ashok Vihar | 04/05/2023 | Pragati Prakashan/2316/25.11.22/194/23.11.22/26.12.22 | 895.00 | 530.15 RAJ | B-748102 | 1 | 895.00 | English Books | |||
| Non-fiction | Bawana | Bawana | 04/05/2023 | Pragati Prakashan/2316/25.11.22/194/23.11.22/26.12.22 | 895.00 | 530.15 RAJ | B-748105 | 1 | 895.00 | English Books | |||
| Non-fiction | Bawana | Bawana | 10/10/2024 | DBAD | 895.00 | RAJ 530.15 | EN-125623 | 1 | 895.00 | English Books | |||
| Non-fiction | Central Library | Central Library | 04/05/2023 | Pragati Prakashan/2316/25.11.22/194/23.11.22/26.12.22 | 895.00 | 530.15 RAJ | B-748101 | 1 | 895.00 | English Books | |||
| Non-fiction | Patel Nagar | Patel Nagar | 04/05/2023 | Pragati Prakashan/2316/25.11.22/194/23.11.22/26.12.22 | 895.00 | 530.15 RAJ | B-748103 | 1 | 895.00 | English Books | |||
| Non-fiction | Sarojini Nagar | Sarojini Nagar | 04/05/2023 | Pragati Prakashan/2316/25.11.22/194/23.11.22/26.12.22 | 895.00 | 530.15 RAJ | B-748104 | 1 | 895.00 | English Books | |||
| Non-fiction | Shahdara Branch | Shahdara Branch | 04/05/2023 | Pragati Prakashan/2316/25.11.22/194/23.11.22/26.12.22 | 895.00 | 530.15 RAJ | B-748106 | 1 | 895.00 | English Books |
